Normal view
MARC view
- Contracts
Entry Topical Term
001 - CONTROL NUMBER
- control field: 43717
003 - CONTROL NUMBER IDENTIFIER
- control field: OSt
005 - DATE AND TIME OF LATEST TRANSACTION
- control field: 20211122103431.0
008 - FIXED-LENGTH DATA ELEMENTS
- fixed length control field: 211122|| aca||aabn | a|a d
040 ## - CATALOGING SOURCE
- Original cataloging agency: OSt
- Transcribing agency: OSt
150 ## - HEADING--TOPICAL TERM
- Topical term or geographic name entry element: Contracts
- General subdivision: Accounting.
670 ## - SOURCE DATA FOUND
- Source citation: Work cat.: (OSt): Salerno, David F. 43715, Changes to accounting for repurchase agreements/, ©2016.
